zpět

Detail výsledku týmu

Cabaret des Péches, Brno

Datum a čas kvízu

22.5 Celkem bodů Celkový počet nahraných bodů na tomto kvízu bez doplňovacích otázek.
4. Pořadí na kvízu Konečné umístění týmu na tomto kvízu.

Zaznamenané odpovědi

# Otázka Odpověď Body Výsledky
1. Česká společnost ornitologická... zvonek (zelený) 0
2. Ve které středoasijské zemi za... v Kazachstánu 1
3. Ukrajinskému ministru kultury... Emily in Paris 0
4. V úterý jedna společnost defin... BlackBerry 1
5. Extravagantní Peter „Snakebite... v šipkách 1
6. V následujícím tématu si připo... Jiří Wolker 1
7. Herec Heath Ledger zemřel neče... Kletba bratří Grimmů, Legendy z Dogtownu 0.5
8. Anne Franková je navzdory svém... Bergen-Belsen 0
9. Nevynecháme ani známé hudebník... 1994 1
10. V poslední otázce se vrátíme n... 1D 2C 3B 4A 1